000 00459nam a2200181Ia 4500
001 3629
005 20260306145657.0
008 260306t2012||||xx |||||||||||||| ||spa||
041 _aESP
082 _a300.72
_bV23
100 _aVallejos Izquierdo, Antonio Félix (coord.)
_eAUT
245 0 _aInvestigación social mediante encuestas
260 _c2012
300 _a351 páginas :
_c24 cm.
650 _aGEN
654 _aCHU
942 _cLIB
_dJUS
_fJUS
_2ddc
_n
999 _c3629
_d3629